Распоряжение ГКО СССР № 6180 с о закреплении до 1 октября 1944 г. за Наркоматом резиновой промышленности 30 военнослужащих, рабо...

RUSMARC
00005652cbm0a2200337#x 450
0011329a95f-4168-4a33-acae-3f3725610d7f
00520251119132234.0
100##$a20251119j19440713k###0rusy50 ca
1010#$arus
102##$aRU
105##$ay###z########
1220#$ad19440713##
2001#$aРаспоряжение ГКО СССР № 6180 с о закреплении до 1 октября 1944 г. за Наркоматом резиновой промышленности 30 военнослужащих, работающих на Первом механическом заводе Наркомата резиновой промышленности, с приложением докладной записки Кузина Н. Поскребышеву А. Н.
$j13 июля 1944 г.
251##$cДокумент
300##$aРассылочный и подлинный экземпляры
461#0$12001
$aФ. 644
$1251
$cФонд
$1852
$j644
462#0$12001
$aОп. 1
$1251
$cОпись
$1852
$j1
60101$2nlr_sh
$3RU\NLR\AUTH\6601614128
$aСССР
$bГосударственный Комитет Обороны
$xИстория
$z1941 - 1945
$jДокументы и материалы
605##$2prlib_sh
$3LIBNET\UAF\0000088514
$aВторая мировая война в архивных документах (Комплекс оцифрованных архивных документов, кино- и фотоматериалов)
$lколлекция
605##$2acquisition_Prlib
$3DITM\AF\0000002775
$aВласть
$lколлекция
6061#$2nlr_sh
$3RU\NLR\AUTH\661323374
$aПромышленность
$xИстория
$yСССР
$z1941 - 1945
$jДокументы и материалы
6061#$2nlr_sh
$3RU\NLR\AUTH\661280795
$aВеликая Отечественная война
$z1941 - 1945
$xТыл(воен.)
$jДокументы и материалы
6061#$2nlr_sh
$3RU\NLR\AUTH\66227974
$aВоеннослужащие
$xТруд
$jДокументы и материалы
6061#$2nlr_sh
$3RU\NLR\AUTH\661380129
$aРезиновая промышленность
$xИстория
$yСССР
$jДокументы и материалы
686##$a63.3(2)622-2ю1
$vLBC/M
$2rubbk
686##$a65.03(2)622ю1
$vLBC/M
$2rubbk
801#0$aRU
$bПБ им. Б.Н. Ельцина
$c20251119
801#1$aRU
$bПБ им. Б.Н. Ельцина
$c20251119
$2rusmarc
801#2$aRU
$bПБ им. Б.Н. Ельцина
$c20251119
$2rusmarc
850##$aРоссийский государственный архив социально-политической истории
852##$aРГАСПИ
$jД. 278. Л. 200-200об.; Оп. 2. Д. 358. Л. 81-81об, 85
035##$aLIBNET\0001513634
937##$d198553056
$hФедеральное архивное агентство
8564#$uhttp://readingroom.main.prlib.ru/item.aspx?id_node=n198553056&mode=full
Формат отображения